Dzielnice (osiedla) Białegostoku na mapie - Statystyki

Ogólne statystyki
  • Ten quiz został rozwiązany 482 razy
  • Średni wynik to 19 z 29
Odpowiedzi na mapie
Odpowiedzi zakodowano w zielono-czerwonej skali na mapie do tego quizu, zgodnie z poniższymi procentami.
 
Statystyki odpowiedzi
Osiedle % Poprawnych
Centrum
89%
Dojlidy
86%
Antoniuk
78%
Nowe Miasto
77%
Starosielce
77%
Białostoczek
74%
Zielone Wzgórza
72%
Dojlidy Górne
71%
Bojary
67%
Bema
66%
Mickiewicza
66%
Bacieczki
65%
Dziesięciny I
65%
Dziesięciny II
65%
Jaroszówka
64%
Piasta I
64%
Piasta II
64%
Wygoda
64%
Przydworcowe
63%
Sienkiewicza
62%
Zawady
61%
Leśna Dolina
59%
Słoneczny Stok
59%
Wysoki Stoczek
57%
Młodych
55%
Piaski
55%
Skorupy
53%
Kawaleryjskie
51%
Bagnówka
43%
Nie znaleziono quizów pasujących do podanych kryteriów
Rozkład punktacji
Procent ludzi z każdym wynikiem
Percentyl według liczby udzielonych odpowiedzi
Twoja historia wyników
Nie rozwiązałeś tego quizu